Medusa's curse / (Record no. 48296)
| 000 -LEADER | |
|---|---|
| fixed length control field | 00958nam a2200157 4500 |
| 020 ## - INTERNATIONAL STANDARD BOOK NUMBER | |
| International Standard Book Number | 9780349124360 |
| 100 ## - MAIN ENTRY--PERSONAL NAME | |
| Personal name | Hunter, A. J. |
| 9 (RLIN) | 86007 |
| 245 ## - TITLE STATEMENT | |
| Title | Medusa's curse / |
| Statement of responsibility, etc | A. J. Hunter. |
| 260 ## - PUBLICATION, DISTRIBUTION, ETC. (IMPRINT) | |
| Place of publication, distribution, etc | London: |
| Name of publisher, distributor, etc | Little Brown Books; |
| Date of publication, distribution, etc | 2015. |
| 300 ## - PHYSICAL DESCRIPTION | |
| Extent | 181 p. |
| Other physical details | ill. |
| Dimensions | 20 cm. |
| 490 ## - SERIES STATEMENT | |
| Series statement | Myth Raiders; Bk.1 |
| 520 ## - SUMMARY, ETC. | |
| Summary, etc | When geology-mad Sam goes to stay with her American cousin, Trey, neither of them have any idea what adventures they're about to unleash. They bring together two pieces of The Heart of Light and -whoosh! - they're thrown back into Ancient Greece, where angry harpies and satyrs live. That's not all - they've been set the challenge of saving the world from destruction. But first, they need to rescue an enchanted fragment of The Warrior's Shield, protected by a deadly mythical creature, Medusa<br/> |
| 650 ## - SUBJECT ADDED ENTRY--TOPICAL TERM | |
| Topical term or geographic name as entry element | Medusa - Greek mythology. |
| Form subdivision | Fiction. |
| 9 (RLIN) | 86008 |
| 700 ## - ADDED ENTRY--PERSONAL NAME | |
| Relator code | illustrator. |
| Personal name | James de La Rue. |
| 9 (RLIN) | 86009 |
| 942 ## - ADDED ENTRY ELEMENTS (KOHA) | |
| Source of classification or shelving scheme | |
| Koha item type | J FIC BOOKS |
| Withdrawn status | Lost status | Source of classification or shelving scheme | Damaged status | Not for loan | Collection code | Home library | Current library | Shelving location | Date acquired | Total Checkouts | Full call number | Barcode | Date last seen | Date checked out | Price effective from | Koha item type |
|---|---|---|---|---|---|---|---|---|---|---|---|---|---|---|---|---|
| SECONDARY | Asian Hope Secondary Library | Asian Hope Secondary Library | Junior Fiction | 01/31/2025 | 1 | J FIC HUN BK.1 | 207400 | 01/16/2026 | 03/25/2025 | 01/31/2025 | J FIC BOOKS |